| 000 | 00685nam a22002057a 4500 | ||
|---|---|---|---|
| 999 |
_c5747 _d5747 |
||
| 003 | CISL | ||
| 005 | 20241111013225.0 | ||
| 008 | 241111r20232005ii |||g |||| 00| e ben d | ||
| 020 | _a9788173324819 | ||
| 040 | _cCISL | ||
| 082 |
_a891.4409 _222 _bSHS |
||
| 100 |
_aশেকসপিয়র, উইলিয়াম ; _4William Shakespeare. |
||
| 245 |
_aশেকসপিয়র রচনা সমগ্র / _cউইলিয়াম শেকসপিয়র |
||
| 260 |
_aকলকাতা: _bপুনশ্চ, _c[c2005] |
||
| 300 |
_a623 p. : _bno illus _c22 cm. |
||
| 650 | _xBengali literature | ||
| 650 | _xEssays | ||
| 650 | _zBangladesh | ||
| 942 |
_2ddc _cBK |
||